Perolehan dan hakmilik tanah mengikut Islam dan perbandingannya dengan kanun tanah negara /
Saved in:
| Main Author: | |
|---|---|
| Format: | Thesis |
| Language: | English |
| Published: |
Petaling Jaya
: Universiti Islam Antarabangsa Malaysia,
1992
|
| Subjects: | |
| Online Access: | Click here to view 1st 24 pages of the thesis. Members can view fulltext at the specified PCs in the library. |
| Tags: |
Add Tag
No Tags, Be the first to tag this record!
|
| LEADER | 017580000a22003370004500 | ||
|---|---|---|---|
| 001 | 68102 | ||
| 005 | 20100331102800.0 | ||
| 008 | 811014s1992 eng | ||
| 035 | |a 257548 | ||
| 035 | |a (Sirsi) 68102 | ||
| 040 | |a UIAM |b eng | ||
| 049 | |b m | ||
| 050 | |a BP158.6N62 | ||
| 100 | 0 | |a Noor 'Ashikin Hamid | |
| 245 | 1 | 0 | |a Perolehan dan hakmilik tanah mengikut Islam dan perbandingannya dengan kanun tanah negara / |c Noor 'Ashikin Hamid |
| 260 | 1 | |a Petaling Jaya |b : Universiti Islam Antarabangsa Malaysia, |c 1992 | |
| 300 | |a 130 p. | ||
| 500 | |a "Latihan ilmiah ini dikemukakan untuk memenuhi sebahagian daripada syarat memperolehi Diploma Pentadbiran Kehakiman Islam."--On t.p. | ||
| 502 | |a (D.A.I.J.)--Universiti Islam Antarabangsa Malaysia, 1992. | ||
| 504 | |a Includes bibliographical references. | ||
| 596 | |a 1 | ||
| 650 | 0 | |a Acquisition of property (Islamic law) | |
| 650 | 0 | |a Land tenure (Islamic law) |z Malaysia | |
| 655 | 0 | 7 | |a Theses, IIUM local |
| 710 | 2 | |a International Islamic University Malaysia. |b Kulliyyah of Laws | |
| 856 | 4 | |u http://studentrepo.iium.edu.my/handle/123456789/1765 |z Click here to view 1st 24 pages of the thesis. Members can view fulltext at the specified PCs in the library. | |
| 900 | |a bal-naw | ||
| 999 | |c 430270 |d 461761 | ||
| 952 | |0 0 |6 LU T BP158.6N62N818P 1992 |7 0 |8 THESES |9 749439 |a IIUM |b IIUM |c CLOSEACCES |g 0.00 |o lu t BP158.6N62N818P 1992 |p 00000265665 |r 2017-10-24 |t 1 |v 0.00 |y THESIS | ||
| 952 | |0 0 |6 T BP158.6N62N818P 1992 |7 0 |8 THESES |9 749440 |a IIUM |b IIUM |c MULTIMEDIA |g 0.00 |o t BP158.6N62N818P 1992 |p 00010981627 |r 2017-10-17 |t 1 |v 0.00 |y THESIS | ||
| 952 | |0 0 |6 TS CDF BP158.6N62N818P 1992 |7 0 |8 THESES |9 788152 |a IIUM |b IIUM |c MULTIMEDIA |g 0.00 |o ts cdf BP158.6N62N818P 1992 |p 00010983041 |r 2017-10-26 |t 1 |v 0.00 |y THESISDIG | ||
